| 000 -LEADER |
| fixed length control field |
00597nam a22001817a 4500 |
| 005 - DATE AND TIME OF LATEST TRANSACTION |
| control field |
20231212102100.0 |
| 008 - FIXED-LENGTH DATA ELEMENTS--GENERAL INFORMATION |
| fixed length control field |
231212s1986 ru ||||| |||| 00| 0 rus d |
| 041 ## - LANGUAGE CODE |
| Language code of text/sound track or separate title |
rus |
| 080 ## - UNIVERSAL DECIMAL CLASSIFICATION NUMBER |
| Universal Decimal Classification number |
82.01:929 Г-65 |
| 100 ## - MAIN ENTRY--PERSONAL NAME |
| Personal name |
Гончарова, Т. |
| 9 (RLIN) |
20668 |
| 245 ## - TITLE STATEMENT |
| Title |
Еврипид / |
| Statement of responsibility, etc. |
Т. Гончарова. |
| 250 ## - EDITION STATEMENT |
| Edition statement |
Второе издание |
| 264 ## - PRODUCTION, PUBLICATION, DISTRIBUTION, MANUFACTURE, AND COPYRIGHT NOTICE |
| Place of production, publication, distribution, manufacture |
М. : |
| Name of producer, publisher, distributor, manufacturer |
Молодая гвардия, |
| Date of production, publication, distribution, manufacture, or copyright notice |
1984. |
| 300 ## - PHYSICAL DESCRIPTION |
| Extent |
270 с.: |
| Other physical details |
ил.; |
| Dimensions |
21 см. |
| 440 ## - SERIES STATEMENT/ADDED ENTRY--TITLE |
| Title |
Жизнь замечательных людей |
| 9 (RLIN) |
20669 |
| 653 ## - INDEX TERM--UNCONTROLLED |
| keyword |
ევრიპიდე |
| 942 ## - ADDED ENTRY ELEMENTS (KOHA) |
| Source of classification or shelving scheme |
|
| Koha item type |
წიგნი |